LEADER 01648nam 2200577 a 450 001 9910454702503321 005 20200520144314.0 010 $a1-282-85834-3 010 $a9786612858345 010 $a0-7735-6812-3 035 $a(CKB)1000000000713823 035 $a(SSID)ssj0000276719 035 $a(PQKBManifestationID)11954820 035 $a(PQKBTitleCode)TC0000276719 035 $a(PQKBWorkID)10226735 035 $a(PQKB)10248230 035 $a(MiAaPQ)EBC3331802 035 $a(OCoLC)ocm48163573 035 $a(CaPaEBR)420136 035 $a(CaBNvSL)slc00215126 035 $a(MiAaPQ)EBC3254104 035 $a(Au-PeEL)EBL3331802 035 $a(CaPaEBR)ebr10218426 035 $a(CaONFJC)MIL285834 035 $a(OCoLC)923233173 035 $a(EXLCZ)991000000000713823 100 $a20030811d2002 uy 0 101 0 $aeng 135 $aurcn||||||||| 181 $ctxt 182 $cc 183 $acr 200 14$aThe afterlife of trees$b[electronic resource] /$fBrian Bartlett 210 $aMontreal ;$aIthaca $cMcGill-Queen's University Press$dc2002 215 $aix, 100 p 225 1 $aThe Hugh MacLennan poetry series 300 $aBibliographic Level Mode of Issuance: Monograph 311 $a0-7735-1910-6 410 0$aHugh MacLennan poetry series. 606 $aNature$vPoetry 608 $aElectronic books. 615 0$aNature 676 $a811/.54 700 $aBartlett$b Brian$f1953-$0881870 801 0$bMiAaPQ 801 1$bMiAaPQ 801 2$bMiAaPQ 906 $aBOOK 912 $a9910454702503321 996 $aThe afterlife of trees$92163563 997 $aUNINA LEADER 01807nam 2200577Ia 450 001 9910451481103321 005 20200520144314.0 010 $a0-8166-8861-3 024 3 $z9780816630417 035 $a(CKB)1000000000470982 035 $a(EBL)310429 035 $a(OCoLC)476094512 035 $a(SSID)ssj0000194992 035 $a(PQKBManifestationID)11183414 035 $a(PQKBTitleCode)TC0000194992 035 $a(PQKBWorkID)10252545 035 $a(PQKB)10467075 035 $a(MiAaPQ)EBC310429 035 $a(Au-PeEL)EBL310429 035 $a(CaPaEBR)ebr10159531 035 $a(OCoLC)191953076 035 $a(EXLCZ)991000000000470982 100 $a19980220d1998 ay 0 101 0 $aeng 135 $aurcn||||||||| 181 $ctxt 182 $cc 183 $acr 200 10$aM is for Minnesota$b[electronic resource] /$fby Dori Hillestad Butler ; illustrated by Janice Lee Porter 205 $a816th ed. 210 $aMinneapolis $cUniversity of Minnesota Press$dc1998 215 $a1 online resource (33 p.) 300 $aDescription based upon print version of record. 311 $a0-8166-3041-0 327 $aM is for Minnesota; 330 $aIllustrated entries for each letter of the alphabet present information about the history, geography, natural resources, and important sights of Minnesota. 606 $aAlphabet books 607 $aMinnesota$vJuvenile literature 608 $aElectronic books. 615 0$aAlphabet books. 676 $a421.1 676 $a977.6 E 700 $aButler$b Dori Hillestad$0889586 701 $aPorter$b Janice Lee$0889587 801 0$bMiAaPQ 801 1$bMiAaPQ 801 2$bMiAaPQ 906 $aBOOK 912 $a9910451481103321 996 $aM is for Minnesota$91987174 997 $aUNINA LEADER 02027nas 2200661-a 450 001 996321938403316 005 20211118213022.0 035 $a(DE-599)ZDB2669244-2 035 $a(OCoLC)775524723 035 $a(CKB)3440000000000210 035 $a(CONSER)--2012243550 035 $a(EXLCZ)993440000000000210 100 $a20120207a20129999 --- - 101 0 $aeng 135 $aur||||||||||| 181 $ctxt$2rdacontent 182 $cc$2rdamedia 183 $acr$2rdacarrier 200 00$aBone & joint research 210 $aLondon, England $cBritish Editorial Society of Bone & Joint Surgery 215 $a1 online resource 300 $aRefereed/Peer-reviewed 311 $a2046-3758 517 1 $aBone and joint research 517 3 $aBJR 531 $aBONE AND JOINT RESEARCH 531 $aBONE & JOINT RESEARCH BRITISH, VOLUME 531 $aBONE JOINT RES 606 $aMusculoskeletal system$vPeriodicals 606 $aBones$xDiseases$vPeriodicals 606 $aJoints$xDiseases$vPeriodicals 606 $aBones$xDiseases$2fast$3(OCoLC)fst00836004 606 $aJoints$xDiseases$2fast$3(OCoLC)fst00983908 606 $aMusculoskeletal system$2fast$3(OCoLC)fst01030016 606 $aMusculoskeletal System 606 $aBone Diseases 606 $aJoint Diseases 608 $aPeriodicals.$2fast 608 $aFulltext. 608 $aInternet Resources. 608 $aPeriodicals. 608 $aPeriodical. 610 $aMusculoskeletal System Diseases 615 0$aMusculoskeletal system 615 0$aBones$xDiseases 615 0$aJoints$xDiseases 615 7$aBones$xDiseases. 615 7$aJoints$xDiseases. 615 7$aMusculoskeletal system. 615 12$aMusculoskeletal System. 615 22$aBone Diseases. 615 22$aJoint Diseases. 676 $a616.7 712 02$aBritish Editorial Society of Bone and Joint Surgery. 906 $aJOURNAL 912 $a996321938403316 996 $aBone & joint research$92166749 997 $aUNISA